[Event "38th Olympiad w"]
[Site "Dresden GER"]
[Date "2008.11.19"]
[Round "6"]
[White "Ohme,M"]
[Black "Chelushkina,I"]
[Result "0-1"]
[WhiteElo "2237"]
[BlackElo "2360"]
[EventDate "2008.11.13"]

1. e4 c5 2. Nf3 Nc6 3. d4 cxd4 4. Nxd4 Nf6 5. Nc3 d6 6. Bg5 Bd7 7. Qd2 h6
8. Be3 Ng4 9. Nxc6 bxc6 10. Bf4 g5 11. Bg3 Bg7 12. Be2 Qa5 13. h3 Ne5 14.
O-O Rb8 15. Rab1 Rb4 16. a3 Rd4 17. Qc1 Nc4 18. Bd3 Ne5 19. Be2 O-O 20. f4
Nc4 21. Bd3 g4 22. h4 f5 23. Bf2 fxe4 24. Nxe4 d5 25. Bxd4 Bxd4+ 26. Kh1
Ne3 27. Ng3 Nxf1 28. Qxf1 e5 29. Ne2 Be3 30. c4 exf4 31. Qe1 Qd8 32. g3
fxg3 33. Qxg3 Rf3 0-1

[Event "38th Olympiad w"]
[Site "Dresden GER"]
[Date "2008.11.19"]
[Round "6"]
[White "Novkovic,J"]
[Black "Korbut,E"]
[Result "0-1"]
[WhiteElo "2161"]
[BlackElo "2459"]
[EventDate "2008.11.13"]

1. e4 c5 2. Nf3 d6 3. d4 cxd4 4. Nxd4 Nf6 5. Nc3 a6 6. Bg5 e6 7. Qd2 h6 8.
Bxf6 Qxf6 9. f4 g5 10. g3 gxf4 11. gxf4 Qh4+ 12. Qf2 Be7 13. Qg3 Rg8 14.
Nf3 Rxg3 15. Nxh4 Rxc3 16. bxc3 Bxh4+ 17. Kd2 Nd7 18. Rg1 Kf8 19. Bd3 b5
20. a4 bxa4 21. Rxa4 Nc5 22. Ra5 Bd8 23. Raa1 Bb7 24. Rge1 a5 25. e5 Bc7
26. exd6 Bxd6 27. Ke3 a4 28. Bb5 a3 29. Ra2 Ne4 30. Kd3 f5 31. Rea1 Rd8 32.
Kd4 0-1

[Event "38th Olympiad w"]
[Site "Dresden GER"]
[Date "2008.11.19"]
[Round "6"]
[White "Pogonina,N"]
[Black "Newrkla,K"]
[Result "1-0"]
[WhiteElo "2469"]
[BlackElo "2071"]
[EventDate "2008.11.13"]

1. e4 c5 2. Nf3 d6 3. d4 cxd4 4. Nxd4 Nf6 5. Nc3 g6 6. Be2 Bg7 7. O-O O-O
8. Re1 Nc6 9. Nb3 Be6 10. Bf1 Rc8 11. h3 a6 12. Nd5 b5 13. a4 Bxd5 14. exd5
Nb4 15. c3 Nbxd5 16. axb5 axb5 17. Bxb5 e5 18. Ra6 Qc7 19. Qd3 Rfd8 20. Bd2
Ra8 21. Rea1 Rxa6 22. Rxa6 Ne7 23. c4 d5 24. Ba5 Qc8 25. Bxd8 Qxd8 26. cxd5
Qxd5 27. Qxd5 Nexd5 28. Bc4 h5 29. Nc5 Kh7 30. Ra7 g5 31. Nd7 Nxd7 32. Bxd5
1-0

[Event "38th Olympiad w"]
[Site "Dresden GER"]
[Date "2008.11.19"]
[Round "6"]
[White "Voicu,C"]
[Black "Goletiani,R"]
[Result "0-1"]
[WhiteElo "2239"]
[BlackElo "2359"]
[EventDate "2008.11.13"]

1. e4 c5 2. Nf3 e6 3. d4 cxd4 4. Nxd4 a6 5. Bd3 Bc5 6. Nb3 Be7 7. Qg4 g6 8.
Qe2 Nc6 9. Be3 Qc7 10. a4 b6 11. N1d2 h5 12. h3 Nf6 13. Nc4 Rb8 14. Bg5 Ne5
15. Nxe5 Qxe5 16. f4 Qxb2 17. O-O Bb7 18. f5 gxf5 19. exf5 Rg8 20. h4 Ng4
21. fxe6 fxe6 22. Bf5 Bxg5 23. hxg5 Rxg5 24. Bxe6 Qe5 25. Bxd7+ Kxd7 26.
Qd3+ Bd5 27. Rf7+ Ke8 28. Rh7 Qh2+ 29. Kf1 Qxg2+ 30. Ke1 Re5+ 31. Kd1 Nf2+
0-1

[Event "38th Olympiad w"]
[Site "Dresden GER"]
[Date "2008.11.19"]
[Round "6"]
[White "Rohonyan,K"]
[Black "Motoc,A"]
[Result "1-0"]
[WhiteElo "2334"]
[BlackElo "2313"]
[EventDate "2008.11.13"]

1. e4 c5 2. Nf3 d6 3. d4 cxd4 4. Nxd4 Nf6 5. Nc3 a6 6. Bg5 e6 7. f4 Nbd7 8.
Qe2 Qc7 9. O-O-O b5 10. a3 Bb7 11. g4 Be7 12. Bh4 Nxe4 13. Nxe4 Bxh4 14.
Nxe6 fxe6 15. Nxd6+ Ke7 16. Nxb7 Qxf4+ 17. Kb1 Bf6 18. Rxd7+ Kxd7 19. Nc5+
Kd6 20. Qxe6+ Kxc5 21. b4+ Kd4 22. Bg2 Qd2 23. Qd6+ 1-0

[Event "38th Olympiad w"]
[Site "Dresden GER"]
[Date "2008.11.19"]
[Round "6"]
[White "Tokhirjanova,H"]
[Black "Bensdorp,M"]
[Result "0-1"]
[WhiteElo "2106"]
[BlackElo "2303"]
[EventDate "2008.11.13"]

1. e4 e6 2. d4 d5 3. e5 c5 4. c3 Nc6 5. Nf3 Qb6 6. a3 Bd7 7. Be2 Nh6 8. b4
cxd4 9. Bxh6 gxh6 10. cxd4 Bg7 11. Nc3 O-O 12. O-O f6 13. Na4 Qd8 14. b5
Na5 15. Nc5 b6 16. Na6 Rc8 17. Rc1 Qe7 18. Nb4 Rxc1 19. Qxc1 Rc8 20. Qf4
Nc4 21. Bxc4 dxc4 22. Re1 fxe5 23. Nxe5 Bxb5 24. d5 Rf8 25. Qg3 exd5 26.
Nxd5 Qg5 27. Qc3 Qd8 28. Rd1 Qd6 29. Nxc4 Qc5 30. Qg3 Bxc4 31. Nf4 Qg5 32.
Qxg5 hxg5 0-1

[Event "38th Olympiad w"]
[Site "Dresden GER"]
[Date "2008.11.19"]
[Round "6"]
[White "Van Weersel,A"]
[Black "Nodirjanova,N"]
[Result "0-1"]
[WhiteElo "2209"]
[BlackElo "2118"]
[EventDate "2008.11.13"]

1. e4 e6 2. d4 d5 3. Nc3 Nf6 4. e5 Nfd7 5. f4 c5 6. Nf3 Nc6 7. Be3 cxd4 8.
Nxd4 Bc5 9. Qd2 O-O 10. O-O-O a6 11. Qf2 Bxd4 12. Bxd4 b5 13. Bd3 b4 14.
Ne2 a5 15. g4 Ba6 16. Kb1 a4 17. Qe3 Qc7 18. Qh3 Bxd3 19. cxd3 Nxd4 20.
Nxd4 a3 21. Rd2 axb2 22. Rxb2 Rfc8 23. Qe3 Qa7 24. Re1 Qa6 25. Nb3 Rc3 26.
Nc1 Nc5 27. f5 exf5 28. gxf5 b3 29. Qd2 bxa2+ 30. Ka1 Qa5 31. Rg1 Qa3 32.
Qg2 Rxc1+ 33. Rxc1 Nb3+ 34. Rxb3 Qxc1+ 0-1

[Event "38th Olympiad w"]
[Site "Dresden GER"]
[Date "2008.11.19"]
[Round "6"]
[White "Igla,B"]
[Black "Enxtuul,A"]
[Result "0-1"]
[WhiteElo "2254"]
[BlackElo "1977"]
[EventDate "2008.11.13"]

1. d4 Nf6 2. c4 e5 3. dxe5 Ng4 4. Nf3 Bc5 5. e3 Nc6 6. Be2 Ngxe5 7. O-O O-O
8. Nc3 Re8 9. Nd4 Bf8 10. g3 d6 11. f4 Bh3 12. Re1 Nxd4 13. Qxd4 Nc6 14.
Qd2 g6 15. Bf3 Bg7 16. b3 h5 17. Bb2 Be6 18. Qg2 Qd7 19. Ne4 Bh3 20. Qd2
Qf5 21. Bxg7 Kxg7 22. Qc3+ f6 23. Nf2 Rab8 24. c5 Bg4 25. Bg2 Qxc5 26. Qxc5
dxc5 27. Bxc6 bxc6 28. Rac1 Rb5 29. Nxg4 hxg4 30. Rc3 f5 31. Rd1 Re7 32. a4
Rb4 33. Rdd3 c4 34. Rxc4 Rxc4 35. bxc4 Re4 36. Rc3 Kf6 37. Kf2 Ke6 38. Ke2
Kd6 39. Kd3 Kc5 40. a5 Kb4 41. a6 Rxe3+ 42. Kd4 0-1

[Event "38th Olympiad w"]
[Site "Dresden GER"]
[Date "2008.11.19"]
[Round "6"]
[White "Efroimski,M"]
[Black "Monhchuluun,C"]
[Result "0-1"]
[WhiteElo "2091"]
[BlackElo "1969"]
[EventDate "2008.11.13"]

1. e4 e6 2. d4 d5 3. Nd2 c5 4. exd5 Qxd5 5. Ngf3 cxd4 6. Bc4 Qd6 7. O-O Nf6
8. Nb3 Nc6 9. Nbxd4 Nxd4 10. Nxd4 a6 11. Re1 Qc7 12. Bd3 Bd7 13. Qf3 O-O-O
14. Bg5 Bd6 15. h3 Be5 16. Qe3 Bd6 17. Nb3 h6 18. Bh4 Bc6 19. Bg3 Bxg3 20.
Qxg3 Qxg3 21. fxg3 Rd6 22. Na5 Rhd8 23. a4 Bd5 24. Ra3 Kb8 25. Be2 b6 26.
Nb3 Bxb3 27. Rxb3 a5 28. Bf3 Rc8 29. c3 Rc4 30. Ra3 Rd2 31. Rb1 Ne4 32. b3
Rxc3 33. Bxe4 f5 34. Bf3 e5 35. Kf1 Rcc2 36. b4 axb4 37. Rab3 e4 38. Bd1
Ra2 39. Re3 Rf2+ 40. Ke1 Rxg2 41. Be2 Raxe2+ 42. Rxe2 Rg1+ 43. Kd2 Rxb1 44.
Kc2 Ra1 45. Kb3 Ra3+ 46. Kxb4 Rxg3 47. Kb5 Kb7 48. Rd2 Rd3 49. Rg2 Rd5+ 50.
Kc4 Rc5+ 51. Kb4 g5 52. Rd2 Kc6 53. Rd8 Re5 54. Rh8 Re6 55. Rc8+ Kb7 56.
Rf8 e3 0-1

[Event "38th Olympiad w"]
[Site "Dresden GER"]
[Date "2008.11.19"]
[Round "6"]
[White "Mamedjarova,T"]
[Black "Krivec,J"]
[Result "0-1"]
[WhiteElo "2269"]
[BlackElo "2345"]
[EventDate "2008.11.13"]

1. d4 d5 2. Nf3 Nf6 3. c4 e6 4. Nc3 Be7 5. e3 O-O 6. Bd3 dxc4 7. Bxc4 a6 8.
O-O b5 9. Bb3 c5 10. Qe2 Bb7 11. Rd1 Nbd7 12. Ne5 Qc7 13. Nxd7 Qxd7 14. Bc2
b4 15. Na4 Qc6 16. f3 cxd4 17. exd4 a5 18. Bg5 Ba6 19. Qf2 Ng4 20. fxg4
Bxg5 21. Nc5 Bc4 22. Bxh7+ Kxh7 23. Qc2+ Kg8 24. Qxc4 Be3+ 25. Kh1 e5 26.
Qe2 exd4 27. Nb3 Rfd8 28. Qd3 a4 29. Nd2 Rac8 30. b3 axb3 31. axb3 Bxd2 32.
Rxd2 Qe6 33. Re2 Qxg4 34. h3 Qd7 35. Rae1 Rc3 36. Qd1 d3 37. Re7 Qd5 38.
Qg4 Rcc8 39. Qxb4 d2 40. Rd1 Rc1 41. Qg4 Qxb3 0-1

[Event "38th Olympiad w"]
[Site "Dresden GER"]
[Date "2008.11.19"]
[Round "6"]
[White "Seps,M"]
[Black "Le Kieu Thien Kim"]
[Result "0-1"]
[WhiteElo "2203"]
[BlackElo "2291"]
[EventDate "2008.11.13"]

1. e4 Nf6 2. e5 Nd5 3. d4 d6 4. Nf3 Bg4 5. Be2 e6 6. c4 Nb6 7. exd6 cxd6 8.
Nc3 Be7 9. h3 Bh5 10. d5 e5 11. g4 Bg6 12. h4 h5 13. g5 Na6 14. Be3 Nb4 15.
Rc1 e4 16. Nd2 Nd3+ 17. Bxd3 exd3 18. Nde4 f5 19. gxf6 Bxf6 20. Rg1 Bxc3+
21. Nxc3 Qf6 22. Nb5 O-O 23. Qd2 Nd7 24. Bg5 Rae8+ 25. Be3 Ne5 26. Nd4 Qxh4
27. Rc3 Rf4 28. Bxf4 Nf3+ 29. Kd1 Nxd2 0-1

[Event "38th Olympiad w"]
[Site "Dresden GER"]
[Date "2008.11.19"]
[Round "6"]
[White "Hoang Thi Bao Tram"]
[Black "Lematschko,T"]
[Result "1-0"]
[WhiteElo "2250"]
[BlackElo "2195"]
[EventDate "2008.11.13"]

1. d4 Nf6 2. Nf3 d5 3. e3 c5 4. c3 Qc7 5. Nbd2 a6 6. Ne5 Nbd7 7. f4 e6 8.
Bd3 g6 9. O-O Bd6 10. Ndf3 b6 11. Ng5 Rf8 12. Qf3 Bb7 13. Qh3 Nb8 14. Nxh7
Nxh7 15. Qxh7 Nc6 16. Qh4 Be7 17. Qg4 O-O-O 18. Nxf7 Rde8 19. Qxe6+ Kb8 20.
Qxg6 Rg8 21. Qh5 Bf6 22. Ne5 Qg7 23. g3 c4 24. Bc2 Ne7 25. Qh7 Bxe5 26.
fxe5 Qg4 27. Bd1 Qc8 28. Qh5 Rg6 29. Rf7 Rh8 30. Rh7 Rxh7 31. Qxh7 Qe6 32.
Bh5 Rh6 33. Qf7 Bc8 34. Qxe6 Bxe6 35. Bf3 Rh8 36. e4 Kc7 37. Bg5 dxe4 38.
Bxe4 Nd5 39. Rf1 a5 40. a3 b5 41. Bxd5 Bxd5 42. Be7 Rh7 43. Bc5 Rf7 44.
Rxf7+ Bxf7 45. Kf2 Kd7 46. Ke3 Ke6 47. Kf4 Bg6 48. h4 Be8 49. g4 Bc6 50. h5
Bd5 51. g5 Kf7 52. g6+ 1-0

[Event "38th Olympiad w"]
[Site "Dresden GER"]
[Date "2008.11.19"]
[Round "6"]
[White "Gerasimova,O"]
[Black "Linares Napoles,O"]
[Result "0-1"]
[WhiteElo "2316"]
[BlackElo "2262"]
[EventDate "2008.11.13"]

1. e4 d6 2. d4 Nf6 3. Nc3 g6 4. f4 Bg7 5. Nf3 c5 6. dxc5 Qa5 7. Bb5+ Bd7 8.
Bxd7+ Nbxd7 9. Bd2 Qxc5 10. Qe2 O-O 11. Qf2 Qc4 12. Qe2 Rfc8 13. Qd3 Qc5
14. h3 Qb6 15. Rb1 Nc5 16. Qe2 Nh5 17. Qe3 Ng3 18. Rg1 Ncxe4 19. Qxb6 axb6
20. Nd5 Rxc2 21. Nxe7+ Kf8 22. Nd5 Rxa2 23. Kd1 Raxb2 24. Rxb2 Rxb2 25. Re1
Nf2+ 26. Kc1 Nd3+ 27. Kd1 Nxe1 28. Kxe1 Rb5 29. Ne3 Rb1+ 30. Nd1 b5 31. Nh4
b4 32. Nf3 b3 33. Be3 b2 34. Nd2 Bc3 35. Kf2 Bxd2 36. Bxd2 Rxd1 0-1

[Event "38th Olympiad w"]
[Site "Dresden GER"]
[Date "2008.11.19"]
[Round "6"]
[White "Marrero Lopez,Yan"]
[Black "Mucha,A"]
[Result "1-0"]
[WhiteElo "2260"]
[BlackElo "1965"]
[EventDate "2008.11.13"]

1. e4 c5 2. Nf3 d6 3. d4 cxd4 4. Nxd4 Nf6 5. Nc3 a6 6. Bc4 e6 7. Bb3 Be7 8.
g4 Nc6 9. g5 Nxd4 10. Qxd4 Nh5 11. h4 Qc7 12. Be3 O-O 13. O-O-O b5 14. f4
Bb7 15. Rhg1 Nxf4 16. Bxf4 e5 17. Qd2 exf4 18. Qxf4 b4 19. Nd5 Bxd5 20.
Rxd5 g6 21. h5 a5 22. hxg6 fxg6 23. Rc5+ Kh8 24. Qxf8+ 1-0

[Event "38th Olympiad w"]
[Site "Dresden GER"]
[Date "2008.11.19"]
[Round "6"]
[White "Collas,S"]
[Black "De Blecourt,S"]
[Result "1-0"]
[WhiteElo "2352"]
[BlackElo "2078"]
[EventDate "2008.11.13"]

1. c4 Nf6 2. Nf3 c6 3. b3 d5 4. Bb2 Bg4 5. e3 Nbd7 6. Be2 e6 7. h3 Bh5 8.
Nc3 Be7 9. d4 O-O 10. O-O Ne4 11. Nxe4 dxe4 12. Nd2 Bxe2 13. Qxe2 f5 14. f3
exf3 15. Rxf3 Bf6 16. Kh1 c5 17. Rd1 Qa5 18. a3 Rae8 19. Nb1 Qb6 20. Qc2 a5
21. Nc3 Rc8 22. d5 Ne5 23. Rff1 Bg5 24. Nb5 Ng4 25. hxg4 exd5 26. g3 dxc4
27. Qxc4+ Kh8 28. Nd6 fxg4 29. Rxf8+ Rxf8 30. Qxg4 Qxb3 31. Bxg7+ Kxg7 32.
Qxg5+ Kh8 33. Qe5+ Kg8 34. Qd5+ Qxd5+ 35. Rxd5 Rf3 36. Rxc5 Rxe3 37. Rxa5
Kf8 38. Ra8+ 1-0

[Event "38th Olympiad w"]
[Site "Dresden GER"]
[Date "2008.11.19"]
[Round "6"]
[White "Leconte,M"]
[Black "Frank Nielsen,M"]
[Result "1-0"]
[WhiteElo "2349"]
[BlackElo "1971"]
[EventDate "2008.11.13"]

1. e4 c5 2. Nf3 e6 3. d3 d6 4. g3 Nf6 5. Bg2 Be7 6. O-O O-O 7. c3 Nbd7 8.
Re1 Rb8 9. Nbd2 b5 10. d4 e5 11. b4 c4 12. a4 a6 13. Nb1 Bb7 14. d5 Nb6 15.
axb5 axb5 16. Ra5 Qd7 17. Na3 Ra8 18. Bd2 Rxa5 19. bxa5 Na4 20. Qb1 Ba6 21.
Nc2 Qc7 22. Nb4 Qxa5 23. Nc6 Qc7 24. Nh4 g6 25. Nxe7+ Qxe7 26. Bg5 Nc5 27.
Re3 h6 28. Bxh6 Ng4 29. Bxf8 Qxf8 30. Re2 Qh6 31. h3 Nf6 32. Re3 Nfd7 33.
Qa1 Na4 34. Qd1 Ndc5 35. Bf1 Bc8 36. Qf3 Qg5 37. Kh2 Bd7 38. Ng2 Qh6 39. h4
Qg7 40. Ne1 Nb3 41. Bh3 Be8 42. Nc2 Nd2 43. Qd1 Nb3 44. Nb4 Qf6 45. Rf3 Qd8
46. Qe1 Qb6 47. Re3 Nac5 48. f4 f6 49. f5 Kg7 50. fxg6 Bxg6 51. Bf5 Bh5 52.
g4 Be8 53. g5 Kf8 54. gxf6 Qd8 55. Rf3 Bh5 56. Qg3 Qc7 57. Rf2 Qf7 58. Qg5
Ke8 59. Nc6 Nd7 60. Be6 1-0

[Event "38th Olympiad w"]
[Site "Dresden GER"]
[Date "2008.11.19"]
[Round "6"]
[White "Repkova,E"]
[Black "Leite,C"]
[Result "1-0"]
[WhiteElo "2400"]
[BlackElo "2153"]
[EventDate "2008.11.13"]

1. e4 e5 2. Nf3 Nc6 3. Bb5 Nd4 4. Nxd4 exd4 5. O-O g6 6. d3 Bg7 7. Qf3 Ne7
8. Bg5 O-O 9. Nd2 f6 10. Bf4 d5 11. Ba4 c6 12. Bb3 Be6 13. Qe2 Qd7 14. Rae1
Rae8 15. e5 fxe5 16. Bxe5 Bg4 17. f3 Nf5 18. fxg4 Rxe5 19. Ne4 Nd6 20.
Rxf8+ Kxf8 21. Qf2+ Kg8 22. Nxd6 Rxe1+ 23. Qxe1 Qxd6 24. Qe8+ Bf8 25. Qe4
Qf6 26. g3 Bh6 27. Qe2 Be3+ 28. Kg2 Kg7 29. c4 dxc4 30. Bxc4 b5 31. Bb3 a5
32. a4 Qf8 33. Qc2 Qb4 34. axb5 c5 35. Qc4 Qd2+ 36. Kh3 Qf2 37. Qg8+ Kh6
38. Qf7 Qxf7 39. Bxf7 Bg5 40. b6 Bd8 41. b7 Bc7 42. Kg2 Kg5 43. Kf3 Bb8 44.
Be6 Kf6 45. Bg8 h6 46. Ke4 g5 47. Kd5 Ke7 48. Kxc5 Ba7+ 49. Kc6 Bb8 50. b3
Kd8 51. Bh7 Ke7 52. Bf5 Kd8 53. Kd5 Ke7 54. Kxd4 Ba7+ 55. Kd5 Kd8 56. Ke6
Kc7 57. Be4 Bg1 58. h4 Bf2 59. h5 Bxg3 60. Kf6 Kd7 61. Kg7 Ke7 62. Kxh6 Kf6
63. Kh7 Kf7 64. Bd5+ Kf6 65. Kg8 Be5 66. h6 1-0

[Event "38th Olympiad w"]
[Site "Dresden GER"]
[Date "2008.11.19"]
[Round "6"]
[White "Castillo,Di"]
[Black "Popova,N"]
[Result "0-1"]
[WhiteElo "2041"]
[BlackElo "2264"]
[EventDate "2008.11.13"]

1. e4 c5 2. Nf3 Nc6 3. d4 cxd4 4. Nxd4 Nf6 5. Nc3 e5 6. Ndb5 d6 7. Bg5 a6
8. Na3 b5 9. Nd5 Be7 10. Bxf6 Bxf6 11. c3 Ne7 12. Nc2 Nxd5 13. Qxd5 Rb8 14.
Ne3 Bg5 15. Nf5 O-O 16. Nxd6 Qc7 17. Qxe5 Bf6 18. Qg3 b4 19. e5 Qe7 20. Nc4
Rb5 21. O-O-O Bxe5 22. Nxe5 Rxe5 23. cxb4 Re1 24. Bd3 Rxh1 25. Rxh1 Qxb4
26. Qe3 Be6 27. Qe4 Qc5+ 28. Kb1 g6 29. Qe2 Rd8 30. Rc1 Bxa2+ 31. Kxa2 Qxc1
32. Bc4 a5 33. g3 Qd1 0-1

[Event "38th Olympiad w"]
[Site "Dresden GER"]
[Date "2008.11.19"]
[Round "6"]
[White "Azarova,N"]
[Black "Mazariegos,S"]
[Result "1/2-1/2"]
[WhiteElo "2308"]
[BlackElo "1962"]
[EventDate "2008.11.13"]

1. e4 Nf6 2. e5 Nd5 3. d4 Nb6 4. a4 a5 5. Nf3 d5 6. Bb5+ Bd7 7. e6 fxe6 8.
Ne5 g6 9. Qf3 Qc8 10. Nf7 Bg7 11. Nxh8 Bxh8 12. Qh3 Bxb5 13. axb5 h5 14.
O-O e5 15. Qxc8+ Nxc8 16. dxe5 Bxe5 17. Rd1 e6 18. Nd2 Nd6 19. Re1 Nd7 20.
Nf3 Bf6 21. Rxe6+ Kf7 22. Re1 Nxb5 23. Bg5 Nd6 24. Bxf6 Kxf6 25. h3 a4 26.
Nd4 Nf8 27. b3 a3 28. Re3 c5 29. Ne2 Ne6 30. Nc3 Nc7 31. Nxd5+ Nxd5 32. Rd3
Ke5 33. Rad1 Nb4 34. Rxd6 a2 35. f4+ Kf5 36. c3 a1=Q 37. cxb4 cxb4 38. Rxa1
Rxa1+ 39. Kf2 Rb1 40. Rd3 b6 41. Ke3 Re1+ 42. Kf3 Rf1+ 43. Ke3 Re1+ 44. Kf3
1/2-1/2

[Event "38th Olympiad w"]
[Site "Dresden GER"]
[Date "2008.11.19"]
[Round "6"]
[White "Figueroa,J"]
[Black "Berlin,T"]
[Result "0-1"]
[WhiteElo "1761"]
[BlackElo "2218"]
[EventDate "2008.11.13"]

1. e4 e5 2. Nf3 Nc6 3. d4 exd4 4. Nxd4 Bc5 5. Be3 Qf6 6. c3 Nge7 7. Bc4 Ne5
8. Be2 d5 9. exd5 Nxd5 10. O-O O-O 11. Nd2 Nxe3 12. fxe3 Qh6 13. Rf4 Ng6
14. Rf3 Nh4 15. Rg3 Bd6 16. Ne4 Bxg3 17. Nxg3 Qxe3+ 18. Kh1 c5 19. Nc2 Qf2
20. Qf1 Qxf1+ 21. Rxf1 Be6 22. Ne3 Rad8 23. Ne4 Rfe8 24. Nxc5 Bxa2 25. Bc4
Bxc4 26. Nxc4 b5 27. g3 bxc4 28. gxh4 Rd2 29. b3 Ree2 0-1

[Event "38th Olympiad w"]
[Site "Dresden GER"]
[Date "2008.11.19"]
[Round "6"]
[White "Dauletova,G"]
[Black "Sahl,S"]
[Result "1-0"]
[WhiteElo "2253"]
[BlackElo "2219"]
[EventDate "2008.11.13"]

1. e4 c5 2. Nf3 d6 3. d4 cxd4 4. Nxd4 Nf6 5. Nc3 a6 6. Bc4 e6 7. Bb3 Nbd7
8. f4 Nc5 9. e5 dxe5 10. fxe5 Nxb3 11. axb3 Nd7 12. Bf4 Bc5 13. Ne4 O-O 14.
Nxc5 Nxc5 15. b4 Nd7 16. Qg4 f5 17. Qg3 Nb6 18. Rd1 Qe7 19. c3 a5 20. bxa5
Rxa5 21. O-O Nd5 22. Bd2 Ra2 23. c4 Qc5 24. cxd5 Qxd4+ 25. Be3 Qxb2 26. Bc5
f4 27. Qg5 h6 28. Qg6 Qxe5 29. Bxf8 Kxf8 30. dxe6 Bxe6 31. Rd8+ Ke7 32.
Re8+ Kd7 33. Rd1+ Kc7 34. Rxe6 Qc5+ 35. Kh1 f3 36. Qg3+ 1-0

[Event "38th Olympiad w"]
[Site "Dresden GER"]
[Date "2008.11.19"]
[Round "6"]
[White "Bjerke,S"]
[Black "Sergeeva,M"]
[Result "0-1"]
[WhiteElo "2204"]
[BlackElo "2325"]
[EventDate "2008.11.13"]

1. e4 c5 2. Nf3 d6 3. d4 cxd4 4. Nxd4 Nf6 5. Nc3 a6 6. Be2 e6 7. O-O Be7 8.
f4 Qc7 9. Kh1 O-O 10. a4 Nc6 11. Be3 Re8 12. Bf3 Na5 13. g4 Nc4 14. Bc1 e5
15. Nf5 Bxf5 16. exf5 d5 17. Bxd5 Rad8 18. Qf3 Bb4 19. g5 e4 20. Bxe4 Nxe4
21. Nxe4 Qc6 22. Nc3 Qxf3+ 23. Rxf3 Bxc3 24. Rxc3 Rd1+ 25. Kg2 Ne3+ 26.
Bxe3 Rxa1 27. Rc7 Rxa4 28. Rxb7 Rae4 29. Bf2 Rxf4 30. Ra7 Rxf5 31. Rxa6
Rxg5+ 32. Bg3 h5 33. Kh3 Rb5 34. c4 Rc5 35. b4 Rxc4 36. b5 Rb4 37. b6 Re6
38. Bf2 Rb3+ 39. Kg2 Rb2 40. Kh3 Kh7 41. Ra8 g5 42. Bd4 Rb3+ 43. Kg2 Re2+
44. Bf2 Rxb6 45. Kf1 Rbb2 46. Bd4 Rbc2 47. Rh8+ Kg6 48. Rg8+ Kf5 49. Rg7
Red2 50. Rxf7+ Ke6 51. Rf6+ Ke7 52. Rf2 Rc1+ 0-1

[Event "38th Olympiad w"]
[Site "Dresden GER"]
[Date "2008.11.19"]
[Round "6"]
[White "Golubenko,Valen"]
[Black "Schoene,Mar"]
[Result "1-0"]
[WhiteElo "2273"]
[BlackElo "2198"]
[EventDate "2008.11.13"]

1. d4 g6 2. Nf3 Nf6 3. c4 Bg7 4. Nc3 O-O 5. e4 d6 6. Be2 e5 7. O-O Nc6 8.
Be3 Ng4 9. Bg5 f6 10. Bh4 h5 11. h3 Nh6 12. dxe5 dxe5 13. Qc2 Nd4 14. Nxd4
exd4 15. Rad1 g5 16. Bg3 h4 17. Bh2 c6 18. c5 Be6 19. Qa4 f5 20. Bc4 Qc8
21. exf5 Rxf5 22. Rfe1 Bxc4 23. Qxc4+ Kh8 24. Ne2 Qf8 25. Bd6 Qf6 26. Nxd4
Rxf2 27. Be5 Qf7 28. Bxg7+ Kxg7 29. Ne6+ Kg8 30. Qd4 Rf5 31. Nd8 Qf8 32.
Nxb7 Nf7 33. Qg4 Ne5 34. Qd4 Ng6 35. Qe4 Rf6 36. Rd7 Rb8 37. Qc4+ Kh8 38.
Qg4 Rf7 39. Qh5+ Kg7 40. Rd6 Rf6 41. Rd7+ Rf7 42. Re6 Rxd7 43. Rxg6+ Kf7
44. Rd6+ 1-0

[Event "38th Olympiad w"]
[Site "Dresden GER"]
[Date "2008.11.19"]
[Round "6"]
[White "Steinbacher,C"]
[Black "Smokina,K"]
[Result "1-0"]
[WhiteElo "2203"]
[BlackElo "2235"]
[EventDate "2008.11.13"]

1. d4 d5 2. c4 c6 3. Nf3 Nf6 4. Nc3 a6 5. c5 Nbd7 6. Bf4 Nh5 7. Be3 g6 8.
Qd2 h6 9. h3 Bg7 10. g4 Nhf6 11. Bg2 b6 12. cxb6 Nxb6 13. Bf4 Nc4 14. Qc1
Qa5 15. O-O Bb7 16. b3 Nd6 17. Na4 Nde4 18. Ne5 Rc8 19. f3 Nd6 20. Qc5 Qb5
21. e3 Rc7 22. Rfc1 Nd7 23. Nxd7 Rxd7 24. Bf1 Nc4 25. Bxc4 dxc4 26. Qxc4
Rd8 27. Nc5 Bc8 28. Bc7 Rd5 29. Rab1 h5 30. a4 Qxc4 31. bxc4 Rxd4 32. exd4
Bxd4+ 33. Kg2 Bxc5 34. Rd1 O-O 35. Rb8 Be6 36. Rdd8 Rxd8 37. Bxd8 Kg7 38.
Rb7 hxg4 39. hxg4 Kf6 40. Rc7 Ke5 41. Rxc6 Kd4 42. a5 Bxc4 43. Bb6 Bxb6 44.
Rxc4+ Kd5 1-0

[Event "38th Olympiad w"]
[Site "Dresden GER"]
[Date "2008.11.19"]
[Round "6"]
[White "Osmanodja,F"]
[Black "Bulmaga,I"]
[Result "0-1"]
[WhiteElo "1939"]
[BlackElo "2287"]
[EventDate "2008.11.13"]

1. e4 c5 2. Nf3 d6 3. d4 cxd4 4. Nxd4 Nf6 5. Nc3 Bd7 6. Be2 Nc6 7. O-O Nxd4
8. Qxd4 g6 9. Nd5 Bg7 10. Bg5 O-O 11. Bxf6 exf6 12. Qb4 Bc6 13. Rad1 Qd7
14. Rd2 Rfe8 15. Bf3 Rad8 16. Rfd1 f5 17. exf5 Qxf5 18. Nc7 Bxf3 19. Nxe8
Qg5 20. g3 Rxe8 21. Rb1 Qe5 22. Rd3 a5 23. Qd2 Qf5 24. Re1 Rxe1+ 25. Qxe1
Be4 26. Re3 Bc6 27. c3 Qd5 28. f3 Bh6 29. Re7 Qxf3 30. Qe2 Qh1+ 31. Kf2
Qxh2+ 32. Ke1 Qxg3+ 33. Kf1 Qf3+ 34. Qxf3 Bxf3 35. Rd7 Bf4 36. Kf2 Bc6 37.
Rd8+ Kg7 38. b3 h5 39. Ra8 h4 40. Rxa5 h3 41. Ra4 h2 0-1

[Event "38th Olympiad w"]
[Site "Dresden GER"]
[Date "2008.11.19"]
[Round "6"]
[White "Dembo,Y"]
[Black "Shabanaj,E"]
[Result "1-0"]
[WhiteElo "2446"]
[BlackElo "2093"]
[EventDate "2008.11.13"]

1. e4 c5 2. Nf3 d6 3. d4 cxd4 4. Nxd4 Nf6 5. Nc3 a6 6. Bg5 e5 7. Nf5 Bxf5
8. exf5 Nc6 9. Bc4 Nd4 10. Qd3 Rc8 11. O-O Be7 12. Bxf6 Bxf6 13. Bd5 Qd7
14. Be4 Rc5 15. Rae1 O-O 16. Qd1 Rd8 17. Nd5 Kh8 18. c3 Nc6 19. b4 Rxd5 20.
Qxd5 Kg8 21. Rd1 h6 22. Rd3 Kf8 23. Rfd1 Be7 24. f6 gxf6 25. Rf3 Qe6 26.
Qd2 f5 27. Bxf5 Qf6 28. Be4 Qg5 29. Bd5 f6 30. Rg3 1-0

[Event "38th Olympiad w"]
[Site "Dresden GER"]
[Date "2008.11.19"]
[Round "6"]
[White "Fakhiridou,E"]
[Black "Shabanaj,A"]
[Result "1-0"]
[WhiteElo "2248"]
[BlackElo "1990"]
[EventDate "2008.11.13"]

1. e4 c6 2. d4 d5 3. Nc3 dxe4 4. Nxe4 Bf5 5. Ng3 Bg6 6. N1e2 Nf6 7. Nf4 e6
8. h4 Bd6 9. h5 Be4 10. Nxe4 Nxe4 11. Qd3 Nf6 12. Bd2 Qc7 13. g3 Nbd7 14.
O-O-O O-O-O 15. Bg2 Nd5 16. Ne2 g6 17. Kb1 Nb4 18. Qb3 Na6 19. Bg5 Rde8 20.
Nc3 Qb6 21. Ne4 Be7 22. hxg6 Qxb3 23. axb3 fxg6 24. Bf4 Nc7 25. c4 h5 26.
Ng5 e5 27. dxe5 Bxg5 28. Bxg5 Rxe5 29. Bf4 Re2 30. Bh3 Rh7 31. Rd6 Rg7 32.
Rhd1 Ree7 33. Bg5 Ref7 34. Bh6 Ne8 35. Rxd7 Rxd7 36. Bxg7 c5 1-0

[Event "38th Olympiad w"]
[Site "Dresden GER"]
[Date "2008.11.19"]
[Round "6"]
[White "Driza,A"]
[Black "Stiri,A"]
[Result "0-1"]
[WhiteElo "1959"]
[BlackElo "2171"]
[EventDate "2008.11.13"]

1. e4 c5 2. Nf3 d6 3. d4 cxd4 4. Nxd4 Nf6 5. Nc3 a6 6. Bg5 e6 7. f4 Qb6 8.
Nb3 Be7 9. Qf3 h6 10. Bxf6 Bxf6 11. O-O-O Nd7 12. g4 g5 13. h4 gxf4 14.
Qxf4 Be5 15. Qf3 Nf6 16. Be2 Rg8 17. Rdg1 Bd7 18. g5 O-O-O 19. Rd1 hxg5 20.
hxg5 Rxg5 21. Rh6 Rg3 22. Rxf6 Rxf3 23. Rxf3 Bc6 24. Rxf7 Qe3+ 25. Rd2 Bxc3
26. bxc3 Bxe4 27. Kb2 Kb8 28. Bg4 Rc8 29. Bxe6 Qxc3+ 30. Kb1 Bxc2+ 31. Rxc2
Qxc2+ 32. Ka1 Qd1+ 33. Kb2 Qe2+ 0-1

[Event "38th Olympiad w"]
[Site "Dresden GER"]
[Date "2008.11.19"]
[Round "6"]
[White "Berzina,I"]
[Black "Berend,E"]
[Result "1-0"]
[WhiteElo "2320"]
[BlackElo "2328"]
[EventDate "2008.11.13"]

1. e4 c5 2. Nf3 e6 3. c4 Nc6 4. Nc3 e5 5. g3 d6 6. Bg2 Be7 7. O-O f5 8. d3
Nf6 9. Nh4 fxe4 10. Nxe4 O-O 11. f4 Kh8 12. Ng5 exf4 13. Bxf4 Nd4 14. Qd2
Bg4 15. Rae1 Nh5 16. Be3 Rxf1+ 17. Rxf1 Bxg5 18. Bxg5 Qd7 19. Qf2 Rg8 20.
Bd5 Be6 21. Bxe6 Qxe6 22. Re1 Qg4 23. Be7 Qd7 24. Qf7 Nf6 25. Rf1 Ne2+ 26.
Kg2 Qc6+ 27. Kf2 Qe8 28. Qxe8 Rxe8 29. Bxf6 1-0